|
|
|
|
| LEADER |
00000nas a2200000 a 4500 |
| 001 |
ssj0000858333 |
| 003 |
WaSeSS |
| 005 |
20200512172242.0 |
| 006 |
m d |
| 007 |
cr n |
| 008 |
130316c20uu9999cl f| p|s|||||| |0spa d |
| 035 |
|
|
|a (WaSeSS)ssj0000858333
|
| 040 |
|
|
|a WaSeSS
|c WaSeSS
|d WaSeSS
|
| 041 |
|
|
|a spa
|a eng
|
| 043 |
|
|
|a s-cl---
|
| 050 |
|
4 |
|a K3
|
| 245 |
0 |
0 |
|a Ars Boni et Aequi
|h [electronic resource].
|
| 260 |
|
|
|a Santiago, Chile :
|b Universidad Bernardo O'Higgins
|
| 310 |
|
|
|a Semiannual
|
| 506 |
|
|
|a License restrictions may limit access.
|
| 546 |
|
|
|a In Spanish and English.
|
| 588 |
|
|
|a Description based on: Año 6, No. 1 (Jan. 2010); title from title screen (ProQuest, viewed March 15, 2013).
|
| 588 |
|
|
|a Latest issue consulted: Año 8, No. 2 (Aug. 2012) (viewed March 15, 2013).
|
| 650 |
|
0 |
|a Law
|z Chile
|v Periodicals.
|
| 651 |
|
0 |
|a Chile
|v Periodicals.
|
| 655 |
|
0 |
|a Electronic journals.
|
| 776 |
0 |
8 |
|i Print version:
|t Ars Boni et Aequi
|x 0718-2457
|
| 856 |
4 |
0 |
|z Full text available from Research Library: 01/01/2010 to present
|u https://search.proquest.com/publication/196179
|